Předsádky Osmý díl

Bibliographic Details
Main Author: Pácha, Josef, 1950- (Author)
Format: Book
Language:Czech
PhysicalDescription:325 strán faksimile 31 cm
Published: [Havlíčkův Brod?] Jednoho krásného dne 2021
Edition:Vydání první
Subjects:

MARC

LEADER 00000nam a2200000 4500
001 vtls012267459
003 SK-MaSNL
005 20260301124536.0
008 241126s2021 xr h e 000 0 cze
020 |q (viazané) 
040 |a SNK  |b slo  |c SNK  |e rda 
041 0 |a cze 
044 |a xr  |c CZ 
072 7 |a 76  |x Grafické umenie. Grafika  |2 konspekt 
072 7 |a 655  |x Polygrafia. Vydavateľstvá a knižný obchod  |2 konspekt 
080 |a 766  |2 2011 
080 |a [655.1+686.1]:74/77  |2 2011 
080 |a (084.11)  |2 2011 
100 1 |a Pácha, Josef,  |d 1950-  |4 aut  |4 lso  |9 313361 
245 1 0 |a Předsádky  |n Osmý díl  |c Josef Pácha 
250 |a Vydání první 
264 1 |a [Havlíčkův Brod?]  |b Jednoho krásného dne  |c 2021 
300 |a 325 strán  |b faksimile  |c 31 cm 
336 |a text  |b txt  |2 rdacontent 
336 |a statický obraz  |b sti  |2 rdacontent 
337 |a bez média  |b n  |2 rdamedia 
338 |a zväzok  |b nc  |2 rdacarrier 
500 |a ISBN nie je v knihe uvedené 
500 |a Zväzok uložený v kartónovom púzdre 
650 0 7 |a grafický dizajn  |2 SNKPH  |9 764 
650 0 7 |a knižné umenie  |2 SNKPH  |9 2744 
650 0 7 |a Graphic design  |2 SNKPHeng  |9 306705 
650 0 7 |a Art of the book  |2 SNKPHeng  |9 313362 
655 7 |a obrazové publikácie  |2 SNKPH  |9 70343 
655 7 |a Pictorial works  |2 SNKPHeng  |9 284468 
852 |a Slovenská národná knižnica 
999 |c 739783  |d 741713 
952 |a SNK  |b SNK  |y NEVYP  |7 1  |p 17A1577401  |o snkIB 74315  |i snk2025/16414  |8 4  |g 95.21  |0 0  |1 0  |4 0  |d 2024-11-26  |l 0  |r 2026-02-23 22:55:59  |w 2026-02-23